<?xml version="1.0" encoding="UTF-8"?>
<collection xmlns="http://www.loc.gov/MARC21/slim">
  <record>
    <leader>00000nam  2200000   4500</leader>
    <controlfield tag="001">INLIS000000000810216</controlfield>
    <controlfield tag="005">20251116101834</controlfield>
    <datafield tag="035" ind1="#" ind2="#">
      <subfield code="a">0010-1125000070</subfield>
    </datafield>
    <datafield tag="245" ind1="#" ind2="#">
      <subfield code="a">Al-Mu'jam al-Mufahras li Alfazh al-Qur'an al-Karim /</subfield>
      <subfield code="c">Muhammad Fuad ‘Abd al-Baqi</subfield>
    </datafield>
    <datafield tag="300" ind1="#" ind2="#">
      <subfield code="a">1060 ;</subfield>
      <subfield code="c">24 cm</subfield>
    </datafield>
    <datafield tag="260" ind1="#" ind2="#">
      <subfield code="a">lebanon :</subfield>
      <subfield code="b">Dar al-Ma’rifah,</subfield>
      <subfield code="c">2010</subfield>
    </datafield>
    <datafield tag="082" ind1="#" ind2="#">
      <subfield code="a">R 297.211</subfield>
    </datafield>
    <datafield tag="084" ind1="#" ind2="#">
      <subfield code="a">R 297.211 ABD a</subfield>
    </datafield>
    <controlfield tag="008">251116###########################0######</controlfield>
    <datafield tag="990" ind1="#" ind2="#">
      <subfield code="a">00000004727</subfield>
    </datafield>
    <datafield tag="990" ind1="#" ind2="#">
      <subfield code="a">00000004728</subfield>
    </datafield>
    <datafield tag="990" ind1="#" ind2="#">
      <subfield code="a">00000004729</subfield>
    </datafield>
  </record>
</collection>
